000 00563cam a2200181 4500500
005 20260329005704.0
041 _afre
042 _adc
100 1 0 _aLarmagnac-Matheron, Octave
_eauthor
245 0 0 _aQu’est-ce que l’“a-croissance” ?
260 _c2024.
500 _a17
690 _aCroissance
690 _aGaspard Kœnig
690 _aProduction
786 0 _nPhilosophie magazine | 182 | 9 | 2024-09-01 | p. 6-6 | 1951-1787
856 4 1 _uhttps://shs.cairn.info/magazine-philosophie-magazine-2024-9-page-6?lang=fr&redirect-ssocas=7080
999 _c1845609
_d1845609